| 000 | 00969cam a2200217 4500 | ||
|---|---|---|---|
| 001 | ABS64078 | ||
| 008 | 000000n2001 000 0 eng u | ||
| 035 | _a(Sirsi) u113245 | ||
| 100 | _aChynoweth, P. | ||
| 245 | _aImpartiality and the party wall surveyor | ||
| 260 | _c2001 | ||
| 490 |
_aConstruction Law Journal _v17(1) 2001, 127-137(11) |
||
| 520 | _aExamines the legal basis of the role of party wall surveyors and their duties under the Party Wall Etc. Act 1996 and addresses whether they have a duty to represent the interests of their clients or to act impartially. Finds that the primary duty of party-appointed surveyors is to the appointing owner but that the agreed surveyor and the third surveyor who must be impartial. References, case law. | ||
| 590 | _aABS | ||
| 650 | _aIMPARTIALITY | ||
| 650 | _aPARTY WALL ETC ACT 1996 | ||
| 650 | _aPARTY WALL SURVEYORS | ||
| 650 |
_aParty walls _96258 |
||
| 690 |
_aBoundary disputes _96221 |
||
| 942 | _n0 | ||
| 999 |
_c67449 _d67449 |
||